| 000 | 00988nmc a2200373 a 4500 | ||
|---|---|---|---|
| 003 | AR-BaBNM | ||
| 005 | 20251128204255.0 | ||
| 008 | 257019s1959 ||||||||||||||000 | spa|| | ||
| 040 | _cAR-BaBNM | ||
| 245 | 1 | 0 | _aFabulistas célebres |
| 250 | _a1ª ed. | ||
| 260 |
_aBuenos Aires _bEl Ateneo _c1959 |
||
| 300 | 0 | _a681 p. | |
| 490 | 0 | _aClásicos inolvidables | |
| 500 | 0 | _aContiene una breve noticia biográfica de los autores seleccionados | |
| 650 | 4 | _aLITERATURA CLASICA | |
| 650 | 4 | _aLITERATURA GRIEGA | |
| 650 | 4 | _aLITERATURA POPULAR | |
| 650 | 4 | _aFABULAS | |
| 650 | 4 | _aANIMALES | |
| 650 | 4 | _aLEYENDAS | |
| 650 | 4 | _aCOSTUMBRES Y TRADICIONES | |
| 650 | 4 | _aLITERATURA FOLKLORICA | |
| 650 | 4 | _aANTOLOGIAS | |
| 655 | _aLITERATURA | ||
| 700 | 0 | _aEsopo | |
| 700 | 0 | _aFedro | |
| 700 | 1 | _aFontaine, Jean de la | |
| 700 | 1 | _aIriarte, Tomás de | |
| 700 | 1 | _aSamaniego, Félix María de | |
| 700 | 1 |
_aBérgua, Juan _etraductor |
|
| 942 | _cBK | ||
| 998 | _cMARTIN | ||
| 999 |
_c6815 _d6815 |
||